| 000 | 00470nam a2200145Ia 4500 | ||
|---|---|---|---|
| 008 | 230917s9999||||xx |||||||||||||| ||und|| | ||
| 040 |
_e64011 _aMAIN |
||
| 041 | _aEnglish | ||
| 082 | _a515.35 A51D | ||
| 100 | _aAhmed, Shari, ed. | ||
| 245 | 0 | _aDifferential equations; Proceedings of the 8th Fall Conference on Differential Equations held at Oklahoma State University, October 1979 | |
| 260 |
_aNew York _bAcademic Press _c1980 |
||
| 300 | _aix, 278 p. | ||
| 942 | _cBK | ||
| 999 |
_c229740 _d229740 |
||